000 00457nam a22001697a 4500
005 20260303103030.0
008 260303b |||||||| |||| 00| 0 eng d
020 _a978-0-1996-9969-8
100 _aCRAWFORD, JAMES
245 _aBROWNLIE'S PRINCIPLES OF PUBLIC INTERNATIONAL LAW
250 _a8TH EDITION
260 _aNEW YORK
_bOXFORD
_c2012
300 _aLXXX,803P.
500 _aINCLUDES AN INDEX
650 _aINTERNATIONAL LAW
942 _2lcc
_cBK
999 _c216744
_d216744